000 01031ngm a22003370a 4500
001 PT22294
003 AR-LpoUNG
005 20210201232249.0
007 co ||u|||uuuuu
008 191001ss.f.||||ag |||||||||||||||||spa d
020 _a9508963611
_c$8,83
040 _aAR-LpoUNG
_bspa
_cAR-LpoUNG
_eaacr
041 _aspa
044 _aag
082 0 _a304.602 1 38-2001sub
245 1 0 _aCenso nacional de población hogares y viviendas 2001 :
_bresultados generales : variables codificadas : información subprovincial
260 _aBuenos Aires :
_bInstituto Nacional de Estadística y Censos,
_cs.f..
300 _agráfs., mapas
650 4 _aARGENTINA
650 4 _aDINAMICA DE LA POBLACION
650 4 _aEMPADRONAMIENTO
650 4 _aENCUESTAS
650 4 _aESTADISTICAS DE VIVIENDA
650 4 _aINFORMACION SOBRE POBLACION
650 4 _aPOBLACION
650 4 _aVIVIENDA
651 4 _aArgentina
710 2 _aInstituto Nacional de Estadistica y Censos (Argentina)
905 _a22294
942 _cCDDVD
999 _c53175
_d53175